[Event "23rd EYCC Open U16 2013"]
[Site "Budva MNE"]
[Date "2013.10.06"]
[Round "7.35"]
[White "Tartakovsky,Daniel"]
[Black "Taylor,Adam C"]
[Result "1/2-1/2"]
[WhiteElo "1990"]
[BlackElo "2034"]

1.d4 Nf6 2.c4 e6 3.g3 c5 4.d5 exd5 5.cxd5 d6 6.Nc3 g6 7.Nf3 Bg7 8.Bg2 O-O
9.O-O Re8 10.Nd2 a6 11.a4 Nbd7 12.h3 Rb8 13.Nc4 Ne5 14.Nxe5 Rxe5 15.Qd3 Re8
16.g4 h5 17.g5 Nd7 18.Qg3 Ne5 19.Ne4 Bf5 20.Nf6+ Bxf6 21.gxf6 Qxf6 22.Bg5 Qg7
23.e4 Bd7 24.Qh4 f5 25.Bf6 Qf7 26.Ra3 f4 27.Qxf4 Rf8 28.Bxe5 Qxf4 29.Bxf4 Rxf4
30.Re1 Kg7 31.a5 Kf6 32.Rb3 Ke5 33.Bf1 Rxe4 34.Rxe4+ Kxe4 35.Bxa6 Bxh3 36.Rb6 Ke5
37.Bxb7 Bc8 38.Bc6 Rxb6 39.axb6 Kd4 40.b7 Bxb7 41.Bxb7 Kd3 42.Ba6+ Kc2 43.f4 Kxb2
44.Bd3 Kc3 45.Bxg6 Kd4 46.Bxh5 Ke4 47.Kf2 Kxf4 48.Bf7 Ke4 49.Ke2 Kd4 50.Kd2 c4
51.Kc2 c3 52.Kb3 Kd3 53.Kb4 c2 54.Bg6+ Kd4 55.Bxc2  1/2-1/2

[Event "Chinese Teams 2013"]
[Site "Qingdao CHN"]
[Date "2013.10.11"]
[Round "12.5"]
[White "Li Chao2"]
[Black "Lou Yiping"]
[Result "1/2-1/2"]
[WhiteElo "2693"]
[BlackElo "2484"]

1.d4 Nf6 2.c4 e6 3.g3 c5 4.d5 exd5 5.cxd5 d6 6.Nc3 g6 7.Bg2 Bg7 8.Nf3 O-O
9.O-O Re8 10.Re1 Na6 11.Bf4 Ne4 12.Nxe4 Rxe4 13.Bg5 Qf8 14.Nd2 Re8 15.Bf4 b5
16.Ne4 Rd8 17.a4 Rb8 18.axb5 Rxb5 19.Qd3 Rb6 20.Bg5 f6 21.Bd2 Re8 22.Bc3 Nb4
23.Bxb4 Rxb4 24.Nd2 a6 25.Ra2 f5 26.Qc2 Bd7 27.e3 Bb5 28.b3 Qf7 29.h4 f4
30.Ne4 Rexe4 31.Bxe4 fxg3 32.fxg3 Qe7 33.Bf3 Be5 34.Qf2 Rxb3 35.Bg4 Kg7 36.Be6 Bc3
37.Rd1 a5 38.Qc2 a4 39.Rb1 Qf6 40.Rxb3 axb3 41.Qxb3 Qf1+ 42.Kh2 Be5 43.Rg2 Kh6
44.Bg8 Kh5 45.Qa2 Bd3 46.Qa7 Be4 47.Qxh7+ Kg4 48.Be6+ Kf3 49.Bh3 Qe1 50.Qf7+ Kxe3
51.Rg1 Qe2+ 52.Bg2 Bf5 53.Qe7 Qg4 54.Re1+ Kd4 55.Rxe5 dxe5 56.Qa7 e4 57.d6 e3
58.Qa1+ Kd3 59.Qa3+ Kd2 60.Qa2+ Kc3 61.Qa3+ Kd2 62.Qa2+ Kc3 63.Qa3+ Kd4  1/2-1/2

[Event "4th Continental Class 2013"]
[Site "Arlington USA"]
[Date "2013.10.12"]
[Round "5.10"]
[White "Hasan,Me"]
[Black "Katz,B"]
[Result "1-0"]
[WhiteElo "2254"]
[BlackElo "2141"]

1.d4 e6 2.c4 Nf6 3.g3 c5 4.Nf3 cxd4 5.Nxd4 d5 6.Bg2 e5 7.Nb5 a6 8.N5c3 d4
9.Nd5 Nxd5 10.Bxd5 Nc6 11.O-O Bh3 12.Re1 Qd7 13.Nd2 Be6 14.Bg2 Bb4 15.Qa4 Bxd2
16.Bxd2 O-O 17.f4 Rab8 18.fxe5 Nxe5 19.Qxd7 Bxd7 20.Bb4 Nxc4 21.Bxf8 Kxf8
22.Rad1 Ne3 23.Rxd4 Be6 24.Rc1 Nxg2 25.Kxg2 Bxa2 26.e4 Be6 27.Rc7 a5 28.Kf3 b5
29.Ra7 a4 30.Rb4 Bb3 31.Kf4 g6 32.h4 Kg7 33.Ra5 Rc8 34.Raxb5 Rc2 35.Rxb3 axb3
36.Rxb3 h6 37.Rb6 h5 38.b4 Rb2 39.e5 Rb3 40.Rb7 Kf8 41.b5 Ke8 42.b6 Kd8 43.Rxf7 Rxb6
44.Rg7 Rb4+ 45.Kg5 Rg4+ 46.Kf6 Rxg3 47.Rg8+ Kc7 48.Rg7+ Kc6 49.e6 Rf3+  1-0

[Event "TCh-SUI 2013"]
[Site "Switzerland SUI"]
[Date "2013.10.12"]
[Round "8.4"]
[White "Kappeler,K"]
[Black "Gloor,R"]
[Result "1/2-1/2"]
[WhiteElo "2275"]
[BlackElo "2340"]

1.d4 Nf6 2.c4 e6 3.g3 c5 4.d5 exd5 5.cxd5 d6 6.Nc3 g6 7.Bg2 Bg7 8.Nf3 O-O
9.O-O Nbd7 10.Bf4 Qe7 11.Qc1 a6 12.a4 Ng4 13.Rb1 Nde5 14.Ne1 f5 15.h3 Nf6
16.Bxe5 Qxe5 17.Nd3 Qe7 18.b4 cxb4 19.Rxb4 Qc7 20.Qa3 Qa5 21.Nf4 Bd7 22.Rxb7 Rfc8
23.Rb4 Nh5 24.Nd1 Nxf4 25.gxf4 Qc5 26.Qb3 Qc2 27.Qxc2 Rxc2 28.Ne3 Rxe2 29.Rc1 a5
30.Rb7 Bxa4 31.Rcc7 Bf8 32.Bf1 Re1 33.Rxh7 Be8 34.Ra7 Rxa7 35.Rxa7 a4 36.h4 Bg7
37.Ra8 Kf7 38.h5 Bb5 39.Ra7+ Kf6 40.hxg6 Kxg6 41.Kg2 Bxf1+ 42.Nxf1 Re4 43.Ra6 Rxf4
44.Rxd6+ Kf7 45.Ne3 Bd4  1/2-1/2

[Event "TCh-FIN SM 2013-14"]
[Site "Turku FIN"]
[Date "2013.10.13"]
[Round "4.3"]
[White "Kolosowski,M"]
[Black "Solozhenkin,E"]
[Result "1/2-1/2"]
[WhiteElo "2423"]
[BlackElo "2469"]

1.d4 Nf6 2.c4 e6 3.g3 c5 4.d5 exd5 5.cxd5 d6 6.Nc3 g6 7.Bg2 Bg7 8.Nf3 O-O
9.O-O Na6 10.h3 Re8 11.Nd2 Nc7 12.a4 b6 13.Nc4 Ba6 14.Qb3 Bxc4 15.Qxc4 a6
16.Qh4 b5 17.axb5 axb5 18.Rxa8 Qxa8 19.Bg5 b4 20.Bxf6 bxc3 21.bxc3 Rxe2 22.Qf4 Bxf6
23.Qxf6 Ne8 24.Qf4 Qa2 25.Bf3 Re5 26.g4 g5 27.Qc1 Nf6 28.c4 Qb3 29.Kg2 Nd7
30.h4 h6 31.hxg5 hxg5 32.Rh1 Nf6 33.Bd1 Qd3 34.Bc2 Qe2 35.Bd1 Qd3 36.Bc2 Qe2
37.Bd1 Qd3  1/2-1/2

[Event "SPICE Cup Open 2013"]
[Site "St Louis USA"]
[Date "2013.10.17"]
[Round "5.18"]
[White "Chiang,S"]
[Black "Colas,Joshua"]
[Result "1-0"]
[WhiteElo "2102"]
[BlackElo "2242"]

1.d4 Nf6 2.c4 e6 3.g3 c5 4.d5 b5 5.dxe6 fxe6 6.Bg2 d5 7.cxd5 Nxd5 8.Nh3 Bb7
9.Nf4 Qd7 10.Nc3 Nxc3 11.Qxd7+ Nxd7 12.Bxb7 Rb8 13.Bc6 Nd5 14.Nxd5 exd5 15.Bf4 Rb6
16.Bxd5 Bd6 17.Bxd6 Rxd6 18.O-O-O Ke7 19.f4 Rd8 20.Bf3 Nf6 21.Rxd6 Rxd6 22.Rd1 Re6
23.Rd3 h5 24.Kd2 g6 25.h3 Rb6 26.e4 c4 27.Rd4 Nd7 28.Rd5 Nf6 29.Rc5 Nd7 30.Rc7 Ra6
31.a3 Kd8 32.Rb7 Rd6+ 33.Ke2 a6 34.e5 Rd3 35.e6 Nc5 36.e7+ Ke8 37.Bc6+ Nd7
38.Bxd7+ Rxd7 39.Rxd7 Kxd7 40.Ke3 Kxe7  1-0

[Event "Dombai Open 2013"]
[Site "Dombai RUS"]
[Date "2013.10.23"]
[Round "6.3"]
[White "Kanter,E"]
[Black "Lastin,A"]
[Result "0-1"]
[WhiteElo "2407"]
[BlackElo "2516"]

1.d4 Nf6 2.c4 e6 3.g3 c5 4.d5 exd5 5.cxd5 d6 6.Bg2 g6 7.Nf3 Bg7 8.O-O O-O
9.Nc3 Re8 10.Bf4 Ne4 11.Nxe4 Rxe4 12.Nd2 Rxf4 13.gxf4 Bxb2 14.Rb1 Bg7 15.Nc4 Na6
16.Qd2 Rb8 17.a4 b6 18.e4 Bh6 19.Qe3 Nb4 20.Qg3 Ba6 21.Rfc1 Qf6 22.e5 Qxf4
23.Nxd6 Qxg3 24.hxg3 Bxc1 25.Rxc1 Nd3 26.Rd1 Nxe5 27.Re1 Rd8 28.Rxe5 Rxd6
29.Re7 Bc4 30.Rxa7 Bxd5 31.Ra6 Bxg2 32.Kxg2 Re6 33.Ra8+ Kg7 34.Rc8 h5 35.Kf3 Kf6
36.Rc7 g5 37.Rc8 Kf5 38.a5 bxa5 39.Rxc5+ Re5 40.Rc7 g4+ 41.Kg2 Ke6 42.Ra7 Rf5
43.Kf1 Kd6 44.Ke2 Ke5  0-1

[Event "20th Mukachevo Rating 2013"]
[Site "Mukachevo UKR"]
[Date "2013.11.05"]
[Round "1.3"]
[White "Sychevskyy,Andriy"]
[Black "Goczo,M"]
[Result "1/2-1/2"]
[WhiteElo "2159"]
[BlackElo "2232"]

1.d4 Nf6 2.c4 e6 3.g3 c5 4.d5 exd5 5.cxd5 d6 6.Nc3 g6 7.Bg2 Bg7 8.Nf3 O-O
9.O-O Re8 10.Nd2 Na6 11.h3 Nc7 12.a4 Rb8 13.Nc4 a6 14.Bf4 Bf8 15.e4 b5 16.axb5 axb5
17.Na5 Bd7 18.Nc6 Bxc6 19.dxc6 b4 20.Nd5 Nfxd5 21.exd5 Nb5 22.Qd2 Bg7 23.Rfe1 Qf6
24.Rxe8+ Rxe8 25.Re1 Re7 26.Ra1 Re8 27.Re1 Re7 28.Ra1 Re8 29.Re1  1/2-1/2

[Event "Arab Clubs 2013"]
[Site "Monastir TUN"]
[Date "2013.11.09"]
[Round "8.1"]
[White "Arab,A"]
[Black "Amin,B"]
[Result "1/2-1/2"]
[WhiteElo "2432"]
[BlackElo "2652"]

1.d4 Nf6 2.c4 e6 3.g3 c5 4.Nf3 cxd4 5.Nxd4 Nc6 6.Bg2 Qb6 7.Nb3 Ne5 8.c5 Qa6
9.Nc3 d5 10.cxd6 Bxd6 11.O-O Nc4 12.Bg5 Be7 13.Qc2 Bd7 14.Rfd1 Rc8 15.Nd2 Nd6
16.Bxf6 gxf6 17.Qe4 Bc6 18.Qg4 Kf8 19.Qh5 Bxg2 20.Qh6+ Ke8 21.Qg7 Rf8 22.Kxg2 h5  1/2-1/2

[Event "TCh-CZE Zapad 2013-14"]
[Site "Czech Rep CZE"]
[Date "2013.11.10"]
[Round "2.7"]
[White "Fajman,P"]
[Black "Hacha,A"]
[Result "1-0"]
[WhiteElo "2267"]
[BlackElo "2063"]

1.d4 Nf6 2.c4 e6 3.g3 c5 4.Nf3 d5 5.Bg2 Be7 6.O-O O-O 7.cxd5 exd5 8.Nc3 Nc6
9.Bf4 Bf5 10.Rc1 Rc8 11.dxc5 Bxc5 12.Na4 Bb6 13.a3 Re8 14.b4 h6 15.Nc5 Qe7
16.Re1 Rcd8 17.Nd4 Be4 18.Bh3 g5 19.Nxc6 bxc6 20.Be3 Rd6 21.Bd4 h5 22.Qd2 Nh7
23.f3 Bg6 24.Rc3 f5 25.Re3 Qf7 26.Rxe8+ Qxe8 27.Bg2 g4 28.Rc1 Qe7 29.Rc3 Bf7
30.Re3 Qg5 31.Qc3 Nf8 32.a4 Ne6 33.Nxe6 Rxe6 34.Rxe6 Qg7 35.Kf1 Bxd4 36.Qxc6  1-0

[Event "Great Hopes GM 2013"]
[Site "Budapest HUN"]
[Date "2013.11.16"]
[Round "1.2"]
[White "Troff,Kayden W"]
[Black "Vajda,Le"]
[Result "1/2-1/2"]
[WhiteElo "2457"]
[BlackElo "2594"]

1.d4 Nf6 2.c4 e6 3.g3 c5 4.d5 exd5 5.cxd5 d6 6.Nc3 g6 7.Nf3 Bg7 8.Bg2 O-O
9.O-O Nbd7 10.Bf4 Qe7 11.Qd2 a6 12.a4 Ng4 13.Rfe1 Rb8 14.a5 b5 15.axb6 Nxb6
16.Qd3 Nd7 17.Bg5 f6 18.Bc1 Nde5 19.Qd1 Re8 20.e4 Nxf3+ 21.Bxf3 f5 22.h3 Ne5
23.Bg2 Rb4 24.Re2 Qd8 25.Ra4 Rd4 26.Qc2 Nf7 27.Kh2 Kf8 28.Be3 Rxa4 29.Qxa4 Qd7
30.Qa5 Qb7 31.Bc1 Bd7 32.exf5 gxf5 33.Rxe8+ Bxe8 34.Bf1 Bxc3 35.Qxc3 Qxd5
36.Bg2 Qe5 37.Qf3 Bb5 38.Qa8+ Kg7 39.b3 Bd3 40.Bf4 Qd4 41.Be3 Qb4 42.Bd5 Be4
43.Bxe4 Qxe4 44.Qxa6 Qd5 45.Bf4 Qxb3 46.Bxd6 Qc2 47.Kg2 Qe4+ 48.Kg1 Qe1+
49.Kg2 Qe4+ 50.Kg1 Qe1+ 51.Kg2 Qe4+  1/2-1/2

[Event "ch-VIE 2013"]
[Site "Ho Chi Minh City VIE"]
[Date "2013.11.25"]
[Round "9.2"]
[White "Nguyen Hoang Nam1"]
[Black "Cao,S"]
[Result "0-1"]
[WhiteElo "2279"]
[BlackElo "2499"]

1.d4 Nf6 2.c4 e6 3.g3 c5 4.d5 exd5 5.cxd5 d6 6.Nc3 g6 7.Bg2 Bg7 8.Nf3 O-O
9.O-O a6 10.a4 Re8 11.Nd2 Nbd7 12.Nc4 Ne5 13.Na3 Nh5 14.h3 Bd7 15.Bd2 b5
16.Ne4 b4 17.Nxd6 Bxa4 18.Qxa4 Qxd6 19.Nc2 Nc4 20.Be3 Nxg3 21.fxg3 Nxe3 22.Nxe3 Rxe3
23.Qc6 Qxc6 24.dxc6 Bxb2 25.Ra5 Bd4 26.Kh1 Ra7 27.Bd5 Ree7 28.e4 Kg7 29.Kg2 Rec7
30.Rc1 Kf6 31.Kf3 Ke5 32.Ke2 f5 33.Kd3 fxe4+ 34.Bxe4 Kd6 35.Rf1 b3 36.Rf8 b2
37.Rd8+ Ke7 38.Rb8 Rab7  0-1

[Event "ch-IRI 2013"]
[Site "Tabriz IRI"]
[Date "2013.11.28"]
[Round "2.2"]
[White "Faghirnavaz,A"]
[Black "Golizadeh,A"]
[Result "0-1"]
[WhiteElo "2284"]
[BlackElo "2500"]

1.d4 Nf6 2.c4 e6 3.g3 c5 4.d5 exd5 5.cxd5 d6 6.Nc3 g6 7.Bg2 Bg7 8.Nf3 O-O
9.O-O a6 10.a4 Nbd7 11.Nd2 Re8 12.Nc4 Ne5 13.Nxe5 Rxe5 14.Bf4 Re8 15.e4 Ng4
16.Qc2 Ne5 17.h3 Bd7 18.b3 b5 19.Rab1 Rb8 20.Bc1 c4 21.axb5 axb5 22.bxc4 Nxc4
23.Na2 Rc8 24.Qd1 Qb6 25.Nb4 f5 26.exf5 Bxf5 27.Rb3 Ra8 28.g4 Be4 29.Bxe4 Rxe4
30.Nc6 Qc5 31.Qd3 Rae8 32.Ba3 Nxa3 33.Rxa3 Rf4 34.Ra7 Bd4 35.Rc7 Qxd5 36.Ne7+ Rxe7
37.Rxe7 Bxf2+  0-1

[Event "1st Lima International 2013"]
[Site "Lima PER"]
[Date "2013.11.29"]
[Round "4.2"]
[White "Uribe Arteaga,D"]
[Black "Condori,E"]
[Result "1/2-1/2"]
[WhiteElo "2292"]
[BlackElo "2162"]

1.d4 Nf6 2.c4 e6 3.g3 c5 4.Nf3 a6 5.Bg2 cxd4 6.Nxd4 Bb4+ 7.Nd2 Nc6 8.a3 Be7
9.N2f3 O-O 10.O-O Qc7 11.Bf4 d6 12.Nxc6 Qxc6 13.Rc1 Rd8 14.Qb3 Qe8 15.Rfd1 Bd7
16.Qxb7 Bc6 17.Qc7 Rab8 18.Bxd6 Rb7 19.Qa5 Rxd6 20.Rxd6 Bxd6 21.b4 Qa8 22.Rd1 Be7
23.b5 Be4 24.Rd4 Rb8 25.b6 Bb7  1/2-1/2

[Event "Saint Louis Thanksgiving Open 2013"]
[Site "Saint Louis USA"]
[Date "2013.11.30"]
[Round "3.1"]
[White "Sharevich,A"]
[Black "Corrales Jimenez,F"]
[Result "1-0"]
[WhiteElo "2271"]
[BlackElo "2602"]

1.d4 Nf6 2.c4 e6 3.g3 c5 4.d5 exd5 5.cxd5 g6 6.Nc3 Bg7 7.Bg2 O-O 8.Nf3 d6
9.O-O Na6 10.h3 Nc7 11.e4 Nfe8 12.a4 Rb8 13.Bg5 f6 14.Bd2 a6 15.Rb1 a5 16.Re1 Na6
17.Nb5 Bd7 18.Bf1 Nb4 19.Na3 Rf7 20.Bf4 Bf8 21.Kh2 Nc7 22.Nc4 Be8 23.Ra1 b6
24.h4 f5 25.Ng5 fxe4 26.Nxf7 Bxf7 27.Rxe4 Bxd5 28.Re1 Ne6 29.Ne3 Nxf4 30.Nxd5 Nfxd5
31.Bc4 Qf6 32.Bxd5+ Kh8 33.Re2 Bg7 34.Ra3 Qf5 35.Be6 Qf8 36.Bd5 Qf5 37.Be4 Qd7
38.Bg2 d5 39.Rae3 Rf8 40.Re7 Qd8 41.Rb7 Bf6 42.Re6 Bxh4 43.Qg4 Bf6 44.Rexb6 d4
45.Qh3 h5 46.Qe6 Nd3 47.Rb8 Qe7 48.Rxf8+ Qxf8 49.Qxf6+ Qxf6 50.Rxf6 Nxb2
51.Ra6 c4 52.Rxa5 c3 53.Be4 d3 54.Ra8+ Kg7 55.Bxd3 Nxd3 56.Rc8 Nb2 57.a5 Na4
58.a6  1-0

[Event "XXVII Belgrade Trophy"]
[Site "Obrenovac SRB"]
[Date "2013.12.02"]
[Round "9.9"]
[White "Gleizerov,E"]
[Black "Draskovic,L"]
[Result "1/2-1/2"]
[WhiteElo "2548"]
[BlackElo "2261"]

1.d4 Nf6 2.c4 e6 3.g3 c5 4.d5 exd5 5.cxd5 b5 6.Nf3 d6 7.e4 a6 8.a4 b4 9.Bd3 g6
10.Nbd2 Bg7 11.Nc4 O-O 12.Bf4 Ne8 13.a5 Ra7 14.O-O Bg4 15.Re1 Nd7 16.Kg2 g5
17.Bc1 Ne5 18.Ncxe5 Bxe5 19.h3 Bxf3+ 20.Qxf3 Ng7 21.Qg4 h5 22.Qe2 Qf6 23.Kh1 g4
24.hxg4 hxg4 25.Kg2 Qf3+ 26.Qxf3 gxf3+ 27.Kxf3 f5 28.Kg2 Bd4 29.Re2 fxe4
30.Bxe4 Raf7 31.f4 Nf5 32.g4 Rg7 33.Kf3 Nh6 34.Rg2 c4 35.g5 Nf7 36.Bf5 Nxg5+
37.Rxg5 Rxg5 38.fxg5 Rxf5+ 39.Ke4 Bxb2 40.Bxb2 Rxg5 41.Bf6 Rg2 42.Rc1 c3
43.Kd3 Ra2 44.Bd8 Rd2+ 45.Kc4 c2 46.Bg5 b3 47.Bf6 Kf7 48.Bb2 Rd1 49.Kxb3 Rxc1
50.Bxc1 Kf6 51.Kc4 Ke5 52.Ba3 Ke4 53.Bb2 Ke3 54.Bc1+ Ke4  1/2-1/2

[Event "Pavlodar Open 2013"]
[Site "Pavlodar KAZ"]
[Date "2013.12.11"]
[Round "2.8"]
[White "Ulibin,M"]
[Black "Grebenschikov,V"]
[Result "1-0"]
[WhiteElo "2506"]
[BlackElo "2219"]

1.d4 Nf6 2.c4 e6 3.g3 c5 4.d5 exd5 5.cxd5 b5 6.Nf3 Bb7 7.e4 Nxe4 8.Bg2 Be7
9.O-O O-O 10.Re1 f5 11.Nc3 Nxc3 12.bxc3 Bf6 13.d6 Qa5 14.Ng5 Bxg2 15.Kxg2 Bxg5
16.Qd5+ Kh8 17.Bxg5 Nc6 18.Be7 Qxc3 19.Bxf8 Rxf8 20.Qf7 Qf6 21.Qxd7  1-0

[Event "Chinese Teams 2013"]
[Site "Tianjin CHN"]
[Date "2013.12.21"]
[Round "19.3"]
[White "Li Chao2"]
[Black "Zhou Weiqi"]
[Result "1-0"]
[WhiteElo "2679"]
[BlackElo "2622"]

1.d4 Nf6 2.c4 e6 3.g3 c5 4.d5 exd5 5.cxd5 d6 6.Nc3 g6 7.Bg2 Bg7 8.Nf3 O-O
9.O-O Re8 10.Re1 Na6 11.Bf4 Bf5 12.Nd2 Nh5 13.e4 Nxf4 14.gxf4 Bd7 15.Nc4 Bf8
16.e5 dxe5 17.fxe5 b5 18.e6 bxc4 19.Qf3 f5 20.d6 Rb8 21.Qd5 Kh8 22.e7 Bxe7
23.dxe7 Rxe7 24.Qxc4 Nb4 25.Qxc5 Rg7 26.Rad1 Qb6 27.Qc4 Rc8 28.Qb3 Bc6 29.Re6 Qb7
30.Rde1 h5 31.Bxc6 Nxc6 32.Qd5 Kh7 33.Nb5 Nd8 34.Qxb7 Nxb7 35.Re7 Nd8 36.Re8 Rc5
37.Nd4 Rd5 38.Nf3 g5 39.Rf8 f4 40.Kf1 g4 41.Re5 Rd1+ 42.Ne1 Nf7 43.Rxh5+ Kg6
44.Ra5 Ng5 45.Ke2 Rd4 46.Nd3 Re7+ 47.Re5 f3+ 48.Ke1 Re4+ 49.Rxe4 Rxe4+ 50.Kd1 Nh3
51.Rc8 Kg5 52.b4 Nf4 53.Nxf4 Kxf4 54.a3 Re7 55.b5 Rh7 56.Rc4+ Kf5 57.Kd2 Rxh2
58.Ke3 Rh1 59.Rc5+ Ke6 60.Kf4 Ra1 61.Rc6+ Kd5 62.Ra6 Rf1 63.Kxg4 Rxf2 64.a4 Ke4
65.Re6+ Kd5 66.Ra6 Ke4 67.Rxa7 Rg2+ 68.Kh3 Rg1 69.Re7+ Kd5 70.Rf7 Ra1  1-0

[Event "St Petersburg Blitz Prelim 2013"]
[Site "St Petersburg RUS"]
[Date "2013.12.22"]
[Round "3.4"]
[White "Serov,M"]
[Black "Levin,Ev"]
[Result "0-1"]
[WhiteElo "2338"]
[BlackElo "2514"]

1.d4 Nf6 2.c4 e6 3.g3 c5 4.d5 exd5 5.cxd5 d6 6.Nc3 g6 7.Bg2 Bg7 8.Nf3 O-O
9.O-O a6 10.a4 Nbd7 11.Nd2 Re8 12.Nc4 Ne5 13.Na3 Bd7 14.f4 Neg4 15.Nc4 Qc7
16.h3 b5 17.hxg4 bxc4 18.g5 Ng4 19.e4 Bd4+ 20.Kh1 Nf2+ 21.Rxf2 Bxf2 22.Kh2 Rab8
23.Qe2 Bd4 24.Qxc4 Rb4 25.Qxa6 c4 26.Nb5 Bxb5 27.axb5 Bxb2 28.Bxb2 Rxb2 29.Qc6 Qxc6
30.bxc6 Kf8 31.e5 c3 32.exd6 c2 33.d7 Rb1  0-1

[Event "26th Staufer-Open A 2014"]
[Site "Schwaebisch Gmuend GER"]
[Date "2014.01.04"]
[Round "6.7"]
[White "Aring,G"]
[Black "Poetsch,H"]
[Result "0-1"]
[WhiteElo "2215"]
[BlackElo "2474"]

1.d4 Nf6 2.c4 e6 3.g3 c5 4.d5 exd5 5.cxd5 d6 6.Nc3 g6 7.Bg2 Bg7 8.Nf3 O-O
9.O-O Re8 10.Re1 a6 11.a4 Nbd7 12.e4 c4 13.Bf1 Qc7 14.Qe2 Nb6 15.Be3 Bg4
16.h3 Bxf3 17.Qxf3 Nbd7 18.Bd4 Ne5 19.Qd1 Nfd7 20.Be2 Nc5 21.Bxe5 Bxe5 22.Bxc4 Bxc3
23.bxc3 Nxe4 24.Qd4 f5 25.Re3 Rac8 26.Bb3 Nxc3 27.Rae1 Rxe3 28.Qxe3 Ne4 29.f3 Nc5
30.Bc2 Qf7 31.Qd2 Re8 32.Rxe8+ Qxe8 33.g4 fxg4 34.hxg4 Nxa4 35.f4 Nb6 36.f5 Nc4
37.Qf2 gxf5 38.Bd3 Ne5 39.Bxf5 Qe7 40.Qf4 Kg7 41.Be6 h6 42.Qc1 Qd8 43.Kf1 b5
44.Qe3 Qc7 45.g5 Qc4+ 46.Kg2 Qc2+ 47.Kf1 Qd3+ 48.Qxd3 Nxd3 49.gxh6+ Kxh6
50.Bc8 Nc5 51.Ke2 Kg5 52.Ke3 a5 53.Kd4 a4  0-1